000 00725nam a2200241Ia 4500
003 OSt
005 20220925174227.0
006 a|||||r|||| 00| 0
007 ta
008 220923b |||||||| |||| 00| 0 eng d
037 _cGeneral Book
040 _aRTL
_cRTL
_beng
041 _2eng
_aeng
082 _aY:351.2.N7, L5
100 _aSen Gupta Sankar
_9138192
245 0 _aFolklore and folklife in India
_b An objective study
260 _aCalcutta
_bIndian Publications India
_c1975
300 _a192p
_ccm.
490 _aIndian publications folklore series.23
500 _aBibliography chapterwise
942 _hY:351.2.N7, L5
_cGB
_2CC
999 _c490336
_d490336